Il messaggio della salvezza (Record n. 338082)
[ formato base ]
| 000 -LEADER | |
|---|---|
| fixed length control field | 01162nam a2200265Ia 4500 |
| 001 - CONTROL NUMBER | |
| control field | 220.6-MES sa (776) |
| 003 - CONTROL NUMBER IDENTIFIER | |
| control field | IT-MiSPE |
| 008 - FIXED-LENGTH DATA ELEMENTS--GENERAL INFORMATION | |
| fixed length control field | 171229s9999||||xx |||||||||||||| ||und|| |
| 040 ## - CATALOGING SOURCE | |
| Original cataloging agency | IT-MiSPE |
| Transcribing agency | IT-MiSPE |
| 041 ## - LANGUAGE CODE | |
| Language code of text/sound track or separate title | ITALIANO |
| 999 ## - SYSTEM CONTROL NUMBERS (KOHA) | |
| Koha Dewey Subclass [OBSOLETE] | NO |
| 100 ## - MAIN ENTRY--PERSONAL NAME | |
| Personal name | Emanuele Testa |
| 245 #0 - TITLE STATEMENT | |
| Title | Il messaggio della salvezza |
| Remainder of title | IV. Profetismo, profeti e apocalittica |
| 250 ## - EDITION STATEMENT | |
| Edition statement | 5a ed. |
| 260 ## - PUBLICATION, DISTRIBUTION, ETC. (IMPRINT) | |
| Place of publication, distribution, etc. | Leumann (TO) |
| Name of publisher, distributor, etc. | LDC |
| Date of publication, distribution, etc. | 1985 |
| 300 ## - PHYSICAL DESCRIPTION | |
| Extent | 696 p. [9 v.] |
| Dimensions | 24 cm |
| 490 ## - SERIES STATEMENT | |
| Series statement | Corso completo di studi biblici |
| Volume/sequential designation | 4 |
| 500 ## - GENERAL NOTE | |
| General note | Bibbia AT. Libri profetici; Bibbia. AT. - Apocalittica |
| 501 ## - WITH NOTE | |
| With note | Edizioni San Paolo srl - Piazza Soncino, 5 - 20092 CINISELLO BALSAMO (MI) (non commercial uses only) ® Copyright 2018 |
| 520 ## - SUMMARY, ETC. | |
| Summary, etc. | Franco Festorazzi (dir.) |
| 700 ## - ADDED ENTRY--PERSONAL NAME | |
| Personal name | Benito Marconcini |
| 700 ## - ADDED ENTRY--PERSONAL NAME | |
| Personal name | Franco Festorazzi |
| 942 ## - ADDED ENTRY ELEMENTS (KOHA) | |
| Koha item type | LIBRO |
| 957 ## - | |
| -- | 1 |
| 999 ## - SYSTEM CONTROL NUMBERS (KOHA) | |
| -- | Copie: 1 |
| Withdrawn status | Lost status | Damaged status | Not for loan | Home library | Current library | Date acquired | Total Checkouts | Full call number | Date last seen | Price effective from | Koha item type | Public note |
|---|---|---|---|---|---|---|---|---|---|---|---|---|
| Buone Condizioni | Not For Loan | CINISELLO | CINISELLO | 30/12/2017 | 220.6-MES sa (776) | 30/12/2017 | 30/12/2017 | LIBRO | (data import: 20 dicembre 2017) - By Epidotti, Vaglietti. |